ბათუმის შოთა რუსთაველის სახელმწიფო უნივერსიტეტის ბიბლიოთეკა

სახედრიდან მერნამდე. (ბიბ.ჩანაწერი № 40685)

000 -LEADER
fixed length control field 00772nam a2200205Ia 4500
001 - CONTROL NUMBER
control field 7320
003 - CONTROL NUMBER IDENTIFIER
control field GE_BSU
008 - FIXED-LENGTH DATA ELEMENTS--GENERAL INFORMATION
fixed length control field 181216s||||||||xx |||||||||||||| ||und||
040 ## - CATALOGING SOURCE
Transcribing agency GE_BSU
080 ## - UNIVERSAL DECIMAL CLASSIFICATION NUMBER
Universal Decimal Classification number 821.353.1-1
100 ## - MAIN ENTRY--PERSONAL NAME
Personal name კაიშაური, რუსუდან
245 ## - TITLE STATEMENT
Title სახედრიდან მერნამდე.
245 ## - TITLE STATEMENT
Statement of responsibility, etc. პროექტის ავტორი: ნაირა გელაშვილი; გამოც. რედ.: ლეილა სიხარულიძე.
260 ## - PUBLICATION, DISTRIBUTION, ETC.
Place of publication, distribution, etc. თბილისი.
260 ## - PUBLICATION, DISTRIBUTION, ETC.
Name of publisher, distributor, etc. კავკასიური სახლი.
260 ## - PUBLICATION, DISTRIBUTION, ETC.
Date of publication, distribution, etc. 2012.
300 ## - PHYSICAL DESCRIPTION
Extent 112 გვ.; 20 სმ.
653 ## - INDEX TERM--UNCONTROLLED
Uncontrolled term სახედრიდან მერნამდე.
942 ## - ADDED ENTRY ELEMENTS (KOHA)
Koha item type წიგნი
ეგზემპლარები
Withdrawn status Lost status Damaged status Not for loan Date acquired Barcode Date last seen Price effective from Koha item type
        2018-12-17 18650 2018-12-17 2018-12-17 წიგნი